000 00257nam a22000977a 4500
999 _c11572
_d11572
008 190708b ||||| |||| 00| 0 eng d
020 _a9780143334941
100 _aSarin Amita
_97281
245 _aAkbar and Birbal
260 _aHaryana
_bPenguin Random Books
_c2005